000
00231nam a2200097Ia 4500
008
170627s9999 xx 000 0 und d
100
_a
BALASUBRAMANIAN-N
245
0
_a
CORPORATE GOVERNANCE AND STEWARDSHIP
260
_b
TMH
260
_c
2010
546
_a
ENGLISH
999
_c
35817
_d
35817